Normal view
MARC view
- Doyle, Arthur Conan,
Entry Nombre Personal
001 - NUMERO DE CONTROL
- campo de control: 30305
003 - IDENTIFICADOR DE NUMERO DE CONTROL
- campo de control: UPN
005 - FECHA Y HORA DE LA ÜLTIMA TRANSACCIÓN
- campo de control: 20220125164435.0
008 - DATOS DE LONGITUD FIJA
- campo de control de longitud fija: 220125ng acannaabn n aaa d
035 ## - NUMERO DE CONTROL
- Número de control: UPN11000002411
040 ## - FUENTE DE CATALOGACIÓN
- Lenguaje de catalogación: SPA
- Agencia de transcripción: UPN
- Agencia original de catalogación: UPN
053 #4 - NÚMERO DE CLASIFICACIÓN LC
- Número de clasificación elemento-número único o número inicial de tramo: PR4620
- Número de clasificación número de tramo final del elemento: PR4624
100 1# - ENCABEZAMIENTO - NOMBRE PERSONAL
- Nombre personal: Doyle, Arthur Conan,
- Títulos u otras palabras asociadas al nombre: Sir,
- Fechas asociadas con el nombre: 1859-1930
400 1# - VEÁSE - NOMBRE DE PERSONA
- Personal name: Conan Doyle, Arthur,
- Titles and other words associated with a name: Sir,
- Dates associated with a name: 1859-1930
670 ## - FUENTE EN LA QUE SE LOCALIZARON DATOS
- Cita de la fuente: LC
680 ## - NOTA PUBLICA DE ACCESO PÚBLICO
- Frase explicativa de la referencia: Médico y escritor escocés
902 ## - CATALOGADOR
- Catalogador: CAA/020910
